| 000 | 00454nam a22001697a 4500 | ||
|---|---|---|---|
| 005 | 20180810120832.0 | ||
| 008 | 160514b xxu||||| |||| 00| 0 eng d | ||
| 020 | _a81-204-1610-4 | ||
| 041 | _aeng | ||
| 082 |
_b2182 _a658.3 |
||
| 100 |
_aPAREEK, UDAI and RAO, T.V. _94760 |
||
| 245 | _aDesigning and Managing Human Resource Systems | ||
| 260 |
_aNew Delhi _bOxford University Press _c2007 |
||
| 300 | _a617p, | ||
| 650 |
_aManagement _9241 |
||
| 942 | _cBK | ||
| 999 |
_c814 _d814 |
||